000 00596nam a2200181 i 4500
001 71151
003 ES-MaACL
005 20250918063028.0
007 t|
008 040805m19701971sp ||||1| spa d
100 1 _aGaulle, Charles de,
_d1890-1970
_956005
245 1 0 _aMemorias de esperanza
_b: la renovación, 1958-1962 /
_cCharles de Gaulle ; traducción de Florentino Trapero.
260 _a[Madrid] :
_bTaurus,
_c[1970-1971]
300 _a2 v., 8 lám. ;
_c22 cm.
700 1 _aTrapero, Florentino.
_9176602
852 _aES-MaACL
_jC-38822-23
_bR.75740
999 _c71151
_d71151